000 00542nam a2200217Ia 4500
003 OSt
005 20220928144021.0
006 a|||||r|||| 00| 0
007 ta
008 220927b |||||||| |||| 00| 0 eng d
024 _a23549
037 _cTextual
040 _aSDCL
_cSDCL
_beng
041 _2eng
_aeng
082 _aO152,3N152,8, M3
100 _aSahni Bihsm
_9506350
245 0 _aKabira khada bazaar mein.
260 _c1983
942 _hO152,3N152,8, M3
_cTEXL
_2CC
999 _c825494
_d825494